The search for delicious / (Record no. 33923)
[ view plain ]
| 000 -LEADER | |
|---|---|
| fixed length control field | 00990cam a2200313 4500 |
| 001 - CONTROL NUMBER | |
| control field | 1236024 |
| 003 - CONTROL NUMBER IDENTIFIER | |
| control field | OSt |
| 005 - DATE AND TIME OF LATEST TRANSACTION | |
| control field | 20140310184350.0 |
| 008 - FIXED-LENGTH DATA ELEMENTS--GENERAL INFORMATION | |
| fixed length control field | 690724s1969 nyua j 000 1 eng |
| 010 ## - LIBRARY OF CONGRESS CONTROL NUMBER | |
| LC control number | 69020374 |
| 020 ## - INTERNATIONAL STANDARD BOOK NUMBER | |
| International Standard Book Number | 0590129317 |
| 040 ## - CATALOGING SOURCE | |
| Original cataloging agency | DLC |
| Transcribing agency | DLC |
| Modifying agency | DLC |
| 042 ## - AUTHENTICATION CODE | |
| Authentication code | lcac |
| 050 00 - LIBRARY OF CONGRESS CALL NUMBER | |
| Classification number | PZ 7 |
| Item number | .B1135Se 1969 |
| 100 1# - MAIN ENTRY--PERSONAL NAME | |
| Personal name | Babbitt, Natalie. |
| 9 (RLIN) | 25028 |
| 245 14 - TITLE STATEMENT | |
| Title | The search for delicious / |
| Remainder of title | Natalie Babbitt. |
| 260 ## - PUBLICATION, DISTRIBUTION, ETC. (IMPRINT) | |
| Place of publication, distribution, etc | New York : |
| Name of publisher, distributor, etc | Scholastic Inc, |
| Date of publication, distribution, etc | 1969 |
| 300 ## - PHYSICAL DESCRIPTION | |
| Extent | 167 p. |
| Other physical details | illus. |
| Dimensions | 17 cm. |
| 490 0# - SERIES STATEMENT | |
| Series statement | An Ariel book |
| 520 ## - SUMMARY, ETC. | |
| Summary, etc | The Prime Minister is compiling a dictionary and when no one at court can agree on the meaning of delicious, the King sends his twelve-year-old messenger to poll the country. |
| 521 ## - TARGET AUDIENCE NOTE | |
| Target audience note | |
| 526 ## - STUDY PROGRAM INFORMATION NOTE | |
| Reading level | 910 |
| 562 ## - COPY AND VERSION IDENTIFICATION NOTE | |
| Number of copies | 1 |
| 650 #1 - SUBJECT ADDED ENTRY--TOPICAL TERM | |
| Topical term or geographic name as entry element | Fantasy |
| General subdivision | Juvenile fiction. |
| 9 (RLIN) | 25029 |
| 650 #1 - SUBJECT ADDED ENTRY--TOPICAL TERM | |
| Topical term or geographic name as entry element | Fantasy |
| General subdivision | Fiction. |
| 9 (RLIN) | 25030 |
| 906 ## - LOCAL DATA ELEMENT F, LDF (RLIN) | |
| a | 7 |
| b | cbc |
| c | orignew |
| d | u |
| e | ncip |
| f | 19 |
| g | y-gencatlg |
| 942 ## - ADDED ENTRY ELEMENTS (KOHA) | |
| Source of classification or shelving scheme | Library of Congress Classification |
| Koha item type | |
| Withdrawn status | Lost status | Source of classification or shelving scheme | Damaged status | Home library | Current library | Shelving location | Date acquired | Total Checkouts | Full call number | Barcode | Date last seen | Copy number | Price effective from | Koha item type |
|---|---|---|---|---|---|---|---|---|---|---|---|---|---|---|
| Library of Congress Classification | Luxembourg Library | Luxembourg Library | Scholastic Reading Center Section | 10/07/2013 | PZ 7 .B1135Se 1969 | LEX0818 | 04/18/2017 | 1 | 10/07/2013 | Books | ||||
| Library of Congress Classification | Luxembourg Library | Luxembourg Library | Scholastic Reading Center Section | 10/07/2013 | PZ 7 .B1135Se 1969 | LEX0372 | 04/18/2017 | 1 | 10/07/2013 | Books |